Landkreise mit Kreissitz und Kfz-Kennzeichen Hessens - Statistiken

Allgemein
  • Dieses Quiz wurde 31 mal gespielt
  • Das Durchschnittsergebnis liegt bei 43 aus 78
Antwortstatistiken
Antworten % Korrekt
DA
100%
DA, DI
100%
F
100%
KS
96%
KS, HOG, WOH
96%
OF
96%
OF
96%
GI
92%
WI
92%
FD
84%
GG
84%
Gießen
80%
MTK
80%
Darmstadt
76%
Kassel
76%
LM, WEL
76%
MKK, HU, GN, SLÜ
76%
Fulda
72%
MR, BID
72%
Groß-Gerau
64%
HP
64%
Marburg
64%
RÜD, SWA
64%
VB
64%
LDK, DIL, WZ
60%
FB, BÜD
56%
HU
56%
ESW, WIZ
52%
HG, USI
52%
Hochtaunuskreis
52%
HR, FZ, MEG, ZIG
52%
KB, FKB, WA
52%
Main-Taunus-Kreis
52%
Wetzlar
52%
Bad Hersfeld
48%
Eschwege
48%
HEF, ROF
48%
Korbach
48%
Lahn-Dill-Kreis
48%
Landkreis Bergstraße
48%
Landkreis Fulda
48%
Landkreis Gießen
48%
Landkreis Kassel
48%
Landkreis Marburg-Biedenkopf
48%
Landkreis Offenbach
48%
Main-Kinzig-Kreis
48%
Schwalm-Eder-Kreis
48%
Vogelsbergkreis
48%
Wetteraukreis
48%
ERB
44%
Gelnhausen
44%
Homberg (Efze)
44%
kreisfreie Stadt Darmstadt
44%
kreisfreie Stadt Frankfurt am Main
44%
kreisfreie Stadt Kassel
44%
kreisfreie Stadt Offenbach am Main
44%
kreisfreie Stadt Wiesbaden
44%
Landkreis Darmstadt-Dieburg
44%
Landkreis Groß-Gerau
44%
Landkreis Hersfeld-Rotenburg
44%
Landkreis Limburg-Weilburg
44%
Landkreis Waldeck-Frankenberg
44%
Odenwaldkreis
44%
Rheingau-Taunus-Kreis
44%
Werra-Meißner-Kreis
44%
Bad Homburg vor der Höhe
40%
kreisfreie Stadt Hanau
40%
Bad Schwalbach
36%
Erbach
36%
Heppenheim (Bergstraße)
36%
Limburg an der Lahn
36%
Dietzenbach
32%
Friedberg (Hessen)
32%
Hofheim am Taunus
32%
HÜN
32%
Lauterbach (Hessen)
24%
FH
12%
ALS, LAT
0%
Keine übereinstimmenden Quizze gefunden
Verteilung der Resultate
Anzahl Personen mit jedem Resultat
Perzentil nach korrekt beantworteten Fragen
Ihre Resultats-Entwicklung
Sie haben dieses Quiz noch nicht gespielt